Direito, vulnerabilidade e pessoa com deficin̊cia

Detalles Bibliográficos
Autor principal: Bellini Salles, Raquel
Otros Autores: Araj︢o Passos, Aline, Gomes Lage, Juliana
Formato: eBook
Lenguaje:portugués
Publicado: Rio de Janeiro: Editora Processo, 2019
Materias:
Acceso en línea:Acceso restringido

MARC

LEADER 00000nam a22000007a 4500
005 20220720225510.0
007 cr|||| ||||
008 220720s2019 br |||||s|||| 00||0 por d
020 |a 978-85-93741-47-0 
035 |a 36775 
040 |a vLex 
090 |c 13641  |d 13641 
100 1 |a Bellini Salles, Raquel 
245 1 0 |a Direito, vulnerabilidade e pessoa com deficin̊cia  |h [Recurso electrn̤ico] /  |c Raquel Bellini Salles, Aline Araj︢o Passos, Juliana Gomes Lage 
256 |a Servicio en ln̕ea 
260 |a Rio de Janeiro:  |b Editora Processo,  |c 2019 
300 |a 1 recurso electrn̤ico 
500 |a A presente obra ̌fruto das atividades desenvolvidas desde 2017 pelo Nc︢leo de Direitos das Pessoas com Deficin̊cia, projeto de extensô da Faculdade de Direito da Universidade Federal de Juiz de Fora, sob nossa coordenaȯ̂. Ren︢e trabalhos apresentados no Seminr̀io "Direito, Vulnerabilidade e Pessoa com Deficin̊cia", realizado em abril de 2018, que contou com a participaȯ̂ de professores e alunos de diversas instituiė̳s de ensino e r̀eas do conhecimento, representantes de r̤gôs pb︢licos e entidades privadas, bem como com pessoas com deficin̊cia e suas faml̕ias, e teve como objetivo a difusô de informaȯ̂, conhecimento e discussô sobre as principais mudanȧs determinadas pela Convenȯ̂ das Naė̳s Unidas de 2007 e pela Lei Brasileira de Inclusô de 2015. Agregaram-se ao conjunto, tambm̌, diversas outras contribuiė̳s de estudiosos do tema. A obra est ̀dividida em oito capt̕ulos, sistematizados conforme a afinidade temt̀ica entre os vinte e cinco trabalhos que a compe̳m, os quais enfrentam, em perspectiva interdisciplinar, os principais desafios para a efetivaȯ̂ dos direitos das pessoas com deficin̊cia, favorecendo o dil̀ogo profc̕uo entre o Direito e outras r̀eas, entra elas as de Comunicaȯ̂, Jornalismo, Letras, Educaȯ̂ e Arquitetura. A ampla temt̀ica da vulnerabilidade perpassa, em alguma medida, todos os trabalhos, que apontam conquistas, dificuldades, desafios e caminhos a trilhar para a construȯ̂ de uma sociedade verdadeiramente inclusiva. 
506 1 |a Disponible solo en los productos indicados  |d vLex Global  |d vLex Global (Academic Edition, excluding Law Schools)  |d vLex Global (U.S. Academic Edition, Law Schools)  |d vLex Global (U.S. Academic Edition, excluding Law Schools)  |d vLex Global (Academic Edition, Law Schools) 
650 0 4 |a Persona  |z Brasil 
700 1 |a Araj︢o Passos, Aline 
700 1 |a Gomes Lage, Juliana 
740 0 |a vLex Libros (Servicio en ln̕ea) 
856 4 0 |u https://app.vlex.com/#/sources/36775  |z Acceso restringido 
942 |c BOOK 
999 0 |a Person